| 000 | 00895nam a2200229Ia 4500 | ||
|---|---|---|---|
| 003 | IN-BaIIA | ||
| 008 | 211028s9999 xx 000 0 eng d | ||
| 020 | _a978-81-922926-8-7 | ||
| 040 | _cIIA Library | ||
| 080 |
_a082.2:52 _bASI-10 |
||
| 111 |
_aInternational Symposium on Solar Terrestrial Physics (ISSTP) _cPune _d2012 _936164 |
||
| 245 | 0 |
_aProceedings of the international symposium on solar terrestrial physics (ISSTP) _bheld in IISER, Pune, India, November 5-9, 2012 _cedited by N. Gopalswamy…[et al.] |
|
| 260 |
_aBengaluru _bAstronomical Society of India _c2013 |
||
| 300 | _axi, 148p. | ||
| 490 | _aAstronomical society of India conference series; v. 10 | ||
| 650 |
_aSolar terrestrial physics _95220 |
||
| 700 |
_aGopalswamy, N., ed. _930607 |
||
| 700 |
_aHasan, S. S., ed. _932295 |
||
| 700 |
_aRao, P. B., ed. _936165 |
||
| 700 |
_aSubramanian, P., eds. _936166 |
||
| 942 | _cBK | ||
| 999 |
_c18934 _d18934 |
||